NFL Top 10 Passing Touchdowns 1970s - Statistics

General Stats
  • This quiz has been taken 19 times
  • The average score is 92 of 109
Answer Stats
Year Team Player % Correct
1979: 6 Chargers Dan Fouts
100%
1978: 4 Chargers Dan Fouts
100%
1976: 10 Chargers Dan Fouts
100%
1978: 2 Vikings Fran Tarkenton
100%
1976: 6 Vikings Fran Tarkenton
100%
1975: 1 Vikings Fran Tarkenton
100%
1974: 6 Vikings Fran Tarkenton
100%
1973: 8 Vikings Fran Tarkenton
100%
1972: 4 Vikings Fran Tarkenton
100%
1970: 5 Giants Fran Tarkenton
100%
1979: 9 Redskins Joe Theismann
100%
1979: 3 Cowboys Roger Staubach
100%
1978: 3 Cowboys Roger Staubach
100%
1977: 3 Cowboys Roger Staubach
100%
1976: 9 Cowboys Roger Staubach
100%
1975: 8 Cowboys Roger Staubach
100%
1974: 10 Cowboys Roger Staubach
100%
1973: 1 Cowboys Roger Staubach
100%
1971: 9 Cowboys Roger Staubach
100%
1979: 4 Steelers Terry Bradshaw
100%
1978: 1 Steelers Terry Bradshaw
100%
1977: 6 Steelers Terry Bradshaw
100%
1975: 7 Steelers Terry Bradshaw
100%
1971: 10 Steelers Terry Bradshaw
100%
1978: 7 Saints Archie Manning
93%
1972: 3 Saints Archie Manning
93%
1975: 10 Jets Joe Namath
93%
1974: 2 Jets Joe Namath
93%
1972: 1 Jets Joe Namath
93%
1971: 4 49ers John Brodie
93%
1970: 1 49ers John Brodie
93%
1976: 3 Bengals Ken Anderson
93%
1975: 4 Bengals Ken Anderson
93%
1974: 5 Bengals Ken Anderson
93%
1973: 5 Bengals Ken Anderson
93%
1979: 5 Raiders Ken Stabler
93%
1978: 9 Raiders Ken Stabler
93%
1977: 2 Raiders Ken Stabler
93%
1976: 1 Raiders Ken Stabler
93%
1975: 9 Raiders Ken Stabler
93%
1974: 1 Raiders Ken Stabler
93%
1973: 9 Raiders Ken Stabler
93%
1973: 2 Eagles Roman Gabriel
93%
1971: 5 Rams Roman Gabriel
93%
1970: 6 Rams Roman Gabriel
93%
1974: 10 Redskins Sonny Jurgensen
93%
1970: 2 Redskins Sonny Jurgensen
93%
1977: 5 Colts Bert Jones
87%
1976: 2 Colts Bert Jones
87%
1975: 6 Colts Bert Jones
87%
1979: 1 Browns Brian Sipe
87%
1978: 5 Browns Brian Sipe
87%
1976: 8 Browns Brian Sipe
87%
1979: 10 Buccaneers Doug Williams
87%
1978: 8 Cardinals Jim Hart
87%
1977: 10 Cardinals Jim Hart
87%
1976: 4 Cardinals Jim Hart
87%
1975: 5 Cardinals Jim Hart
87%
1974: 3 Cardinals Jim Hart
87%
1973: 7 Cardinals Jim Hart
87%
1979: 8 Seahawks Jim Zorn
87%
1977: 8 Seahawks Jim Zorn
87%
1973: 3 Rams John Hadl
87%
1972: 9 Chargers John Hadl
87%
1971: 1 Chargers John Hadl
87%
1970: 4 Chargers John Hadl
87%
1971: 8 Chiefs Len Dawson
87%
1979: 10 Eagles Ron Jaworski
87%
1978: 10 Eagles Ron Jaworski
87%
1977: 4 Eagles Ron Jaworski
87%
1979: 2 Patriots Steve Grogan
87%
1977: 7 Patriots Steve Grogan
87%
1976: 5 Patriots Steve Grogan
87%
1979: 7 Vikings Tommy Kramer
87%
1975: 3 Redskins Billy Kilmer
80%
1973: 10 Redskins Billy Kilmer
80%
1972: 2 Redskins Billy Kilmer
80%
1971: 10 Redskins Billy Kilmer
80%
1977: 1 Dolphins Bob Griese
80%
1974: 7 Dolphins Bob Griese
80%
1973: 6 Dolphins Bob Griese
80%
1971: 3 Dolphins Bob Griese
80%
1977: 9 Broncos Craig Morton
80%
1972: 10 Cowbiys Craig Morton
80%
1970: 10 Cowboys Craig Morton
80%
1978: 10 Oilers Dan Pastorini
80%
1977: 10 Oilers Dan Pastorini
80%
1972: 6 Raiders Daryle Lamonica
80%
1971: 7 Raiders Daryle Lamonica
80%
1970: 3 Raiders Daryle Lamonica
80%
1978: 10 Bills Joe Ferguson
80%
1975: 2 Bills Joe Ferguson
80%
1974: 9 Bills Joe Ferguson
80%
1976: 7 Lions Greg Landry
73%
1972: 5 Lions Greg Landry
73%
1971: 6 Lions Greg Landry
73%
1974: 10 Rams James Harris
73%
1974: 4 Patriots Jim Plunkett
73%
1971: 2 Patriots Jim Plunkett
73%
1972: 8 Giants Norm Snead
73%
1970: 10 Eagles Norm Snead
73%
1978: 6 Lions Gary Danielson
47%
1974: 8 Broncos Charley Johnson
40%
1973: 4 Broncos Charley Johnson
40%
1971: 10 Browns Bill Nelsen
27%
1970: 7 Browns Bill Nelsen
27%
1970: 8 Bears Jack Concannon
27%
1972: 7 49ers Steve Spurrier
27%
1970: 9 Falcons Bob Berry
20%
No matching quizzes found
Score Distribution
Percent of People with Each Score
Percentile by Number Answered
Your Score History
You have not taken this quiz